La unidad de habitación de Marsella
Zapisane w:
| 1. autor: | |
|---|---|
| Format: | Książka |
| Język: | hiszpański |
| Wydane: |
Viña del Mar
Escuela de Arquitectura de la Universidad Católica de Valparaíso
1980
|
| Hasła przedmiotowe: | |
| Etykiety: |
Dodaj etykietę
Nie ma etykietki, Dołącz pierwszą etykiete!
|
MARC
| LEADER | 00000nam a2200000 a 4500 | ||
|---|---|---|---|
| 001 | UCN0567 | ||
| 003 | CL-VaPUC | ||
| 008 | 010330e19800000CL |||||||||||||||||spa|d | ||
| 082 | 0 | 4 | |a 728.31 |b LEC |2 21 |
| 100 | |a Le Corbusier |e author |9 265037 | ||
| 245 | 1 | 3 | |a La unidad de habitación de Marsella |
| 300 | |a 37 p | ||
| 942 | |c BK | ||
| 945 | |d 20010330 00:00:00 |a crobeson | ||
| 260 | |a Viña del Mar |b Escuela de Arquitectura de la Universidad Católica de Valparaíso |c 1980 | ||
| 650 | 0 | |a Arquitectura moderna |9 265021 | |
| 650 | 0 | |a Urbanismo |9 255208 | |
| 650 | 0 | |a Arquitectura |y Siglo 20 |9 266208 | |
| 583 | |a last modification |c 20160912 05:11:06 |k Rodrigo Vera | ||
| 999 | |c 294302 |d 294300 | ||
| 952 | |0 0 |1 0 |4 0 |6 728_310000000000000_LEC_1980 |7 0 |8 A |9 346561 |a BIBARQ |b BIBARQ |d 2019-11-20 |i 1245767 |l 1 |o 728.31 LEC 1980 |p 1245767 |r 2025-01-20 |s 2023-06-27 |w 2019-11-20 |y BK |k ARQ | ||